|
|
|
|
| LEADER |
00867cam a2200253 a 4500 |
| 001 |
0000147497 |
| 005 |
20210428090000.0 |
| 040 |
|
|
|a mod
|
| 041 |
|
|
|a eng
|
| 020 |
0 |
0 |
|a 9780071823906
|
| 090 |
0 |
0 |
|a 621.31
|b BEA
|e 2015
|
| 100 |
1 |
0 |
|a Beaty
|h H. Wayne
|
| 245 |
1 |
0 |
|a Handbook of electric power calculations
|c H. Wayne Beaty, Surya Santoso
|
| 250 |
0 |
0 |
|a Fourth ed
|
| 260 |
0 |
0 |
|a New York, N.Y.
|b McGraw-Hill Education LLC.
|c 2015
|
| 300 |
0 |
0 |
|a xiii, 738 p.
|b ill.
|c 25 cm
|
| 504 |
0 |
0 |
|a Includes bibliographical references and indexes
|
| 650 |
0 |
0 |
|a Electric power systems
|x Mathematics
|x Handbooks, manuals, etc.
|
| 650 |
0 |
0 |
|a Electrical engineering
|
| 650 |
0 |
0 |
|a Electric power systems
|x Mathematics
|
| 650 |
0 |
0 |
|a Electrical & computer engineering
|
| 700 |
0 |
0 |
|a Santoso
|h Suyya
|
| 852 |
0 |
0 |
|a 01
|
| 999 |
|
|
|a 0300718
|b KEMENTAH
|d BOOKS
|e Rujukan
|f Perpustakaan KEMENTAH
|j AVAILABLE
|q GOOD CONDITION
|